| 000 | 00000nam##2200000za#4500 |
| 001 | 9.645059 |
| 003 | CaOODSP |
| 005 | 20250506145324 |
| 007 | ta |
| 008 | 150407|1992||||xxc||||| f|0| 0 eng|d |
| 020 | |a0-662-19409-8 |
| 040 | |aCaOODSP|beng |
| 043 | |an-cn--- |
| 086 | 1 |aA63-1591/1992E |
| 110 | 1 |aCanada.|bAgriculture Canada. |
| 245 | 10|aFeedlot finishing of cattle / |cby R. Hironaka and B. Freeze. |
| 260 | |aOttawa - Ontario : |bAgriculture Canada |c1992. |
| 300 | |a57p. : |billus., references, tables ; |c23 cm. |
| 500 | |aContents: Nutrient requirements of feedlot cattle.--Kinds of feed.--Processing feeds.--Feed-related disorders.--Cattle management.--Financial management.--Feeding economics.--Designing and equipping a feedlot.--Glossary of terms.--Suggested reading. |
| 563 | |aSoftcover |
| 590 | |a92-24|b1992-06-12 |
| 720 | 1 |aHironaka, R. |
| 720 | 1 |aFreeze, B. |
| 775 | 08|tEngraissement des bovins en parc / |w(CaOODSP)9.678842 |
| 776 | 0#|tFeedlot finishing of cattle / |w(CaOODSP)9.697794 |
| 986 | |aPublication 1591/E |